Quizzes
Events
Quiz Creation
Community
Videos
Private Events
Remove Ads
Sign In
Join for FREE
Feedback
Dark Mode
Quiz Categories
Sports
Geography
Music
Movies
Television
Just For Fun
Miscellaneous
History
Literature
Language
Science
Gaming
Entertainment
Religion
Holiday
For Kids
Quiz Lab
Recent
Popular Today
Quiz Kudos Today
Editor Picks
Curator Picks
Quizzes by...
Day
Popularity
Type
Ratings
Length
Year
Community
Subscriptions
Recent Discussions
Orange Saloon
Badges
Playlists
Quests
Create
Leaderboards
Showdown
Live 5
Trivia Bingo
Activity
Puzzle Library
Sporcle Events
Private Events
Virtual Trivia
Globe League
Become a Host
Pub Owners
SporcleCon
Opinionation
Our Games
Videos
Blog
Mobile Apps
Partnerships
Remove Ads and Go Orange
Feedback
History
US Presidents
World Leaders
Politics
Nation
Discovery
War
Decade
Year
Century
Biography
Art
History
US Presidents
World Leaders
Politics
Nation
Discovery
War
Decade
Year
Century
Biography
Art
Random Quiz
Search Sporcle
×
Quiz Lab
Quiz Lab
History
Persian
Type in answers that appear in a list
Type in answers that appear in a list
Classic
Best Score? Go Orange.
Sassanid shahs of Persia Stats
Can you name the Sassanid shahs of Persia?
By
AdamBishop
6m
34 Questions
314 Plays
314 Plays
314 Plays
Comments
Comments
Give Quiz Kudos
Give Quiz Kudos
-
- Ratings
hide this ad
Replay
Link that replays current quiz
Next Quiz
Link to next quiz in quiz playlist
You Got
0%
They Got
Avg Score
52%
Avg Friend Score
Upgrade to see
Score Distribution
Jump to the score distribution portion of the page
Score
0/34
Timer
06:00
0
Plays Today
Year
Shah
% Correct
240-
272
Shapur I the Great
86.9%
309-
379
Shapur II
85%
531-
579
Khosrau I the Just
79.9%
383-
388
Shapur III
79.3%
225-
240
Ardashir I
79%
590-
628
Khosrau II Parvez
78%
379-
383
Ardashir II the Virtuous
75.2%
628-
630
Ardashir III
70.4%
273-
276
Bahram I
67.5%
276-
293
Bahram II
66.6%
293
Bahram III
65.6%
388-
399
Bahram IV Kermanshah
65%
420-
438
Bahram V
63.4%
590
Bahram VI
59.6%
488-
531
Kavadh I
53.8%
272-
273
Hormizd I
53.5%
302-
309
Hormizd II
53.5%
Year
Shah
% Correct
631
Khorezadh Khosrau
52.2%
579-
590
Hormizd IV
50.6%
628
Kavadh II
50.3%
457-
459
Hormizd III
49.7%
293-
302
Nerseh
46.8%
457-
486
Piroz
45.5%
593
Hormizd V
44.3%
631-
632
Hormizd VI
40.8%
399-
420
Yazdegird I Ramashtras
37.6%
438-
457
Yazdegird II
37.6%
632-
651
Yazdegird III
36.9%
486-
488
Balash
24.5%
496-
498
Djamasp
17.8%
630
Shahrbaraz
17.2%
630-
631
Borandokht
15.6%
631
Azarmidokht
13.1%
309
Adarnases
6.4%
Quiz Playlist
Details
Report
Send in Message
Add To Playlist
Classic:
Type in answers that appear in a list
Quiz Source
Last Updated: Feb 16, 2017
Quiz Scoreboard
CHALLENGE
Sign Up to Join the Scoreboard
Show All
Scores
Hide
Comments
May contain spoilers
Recently Published
9x9 Crossword: Cartoon Network
by jackfrog10
Miscellaneous
3m
College Basketball Coaching Resumes
by pancakes188
Sports
9m
Billboard Blitz: Fleetwood Mac
by CooCooCachoo
Music
15s
More to Explore
Quiz From the Vault
Featured Blog Post
Where Did the Easter Bunny Come From?
hide this ad
You Might Also Like...
Tags
Dynasty
King
Persia
Persian
shah
Today's Top Quizzes in History
Browse History
hide this ad
Today's Top Quizzes in Persian
Browse Persian
Top Contributed Quizzes in History
1
Popular People in 1991
2
Popular People in 1981
3
Popular People in 1951
4
Popular People in 1941
5
Popular People in 1986
6
Popular People in 1976
7
Popular People in 1921
8
5-to-1: 20th Century Images of War
9
I Am Born On March 28th
10
Popular People in 1946
Explore More
Trending Topics
Anime
NBA
Kpop
Marvel
Disney
Crossword
Harry Potter
The Office
Pokémon
NFL
Country
WWE
Puzzle
Soccer
Song
hide this ad
More By:
AdamBishop
Quiz
Plays
Rating
Category
Featured
Created
Viking Countries
128,674
4.53
History
Oct 13, 2010
Countries Colonized by Ancient Greeks
106,995
4.34
Geography
Oct 8, 2010
Populous French Cities, 1000-2006
96,154
4.60
Geography
Apr 18, 2011
Countries Visited by Captain Cook
80,654
4.69
History
Sep 13, 2010
People Whose Names Are Sentences
69,690
4.00
Language
Jul 8, 2011
Go to Creator's Profile
Score Distribution
Quiz Creator Spotlight
AdamBishop
Follow
Send a Message
Quizzes Created
-
Created Quiz Play Count
-
More By This Creator
Popular Quizzes Today
1
Find the US States - No Outlines Minefield
2
Find the Countries of Europe - No Outlines Minefield
3
The Countries of the World
4
Find the US States
5
Risky Map Clicking: Biggest States A-Z
6
US States
7
Popular People in 1961
8
Movies - When Are They Set?
More History Quizzes
Anyone but William H. Harrison
Quiz Lab
Trending Quizzes
Risky Map Clicking: Least Populous States A-Z
1-10 Letter G Words
1-10 Letter F Words
Risky Map Clicking: Next State Alphabetically
Adjectives in 80s TV Shows
Recently Updated
Leaping Animals
pecheneg
Reality TV Shows (A-Z)
bhenderson79
Rickey Henderson's Hall of Fame Teammates
pecheneg
Champions League XIs: Arsenal
pecheneg
Quick Pick: Celebrities in WWE's Hall of Fame
aduchscher
A-Z Keypad Blitz II
pecheneg
Multiple Oscar Actors
pecheneg
Mystery Phrase Blitz: Oscar 'Best Actors'
pecheneg
F. Scott Fitzgerald Novels
LTH
Pick 3 Villains
ddd62291
Trending Topics
Kpop
NBA
Marvel
Anime
Harry Potter
Disney
Crossword
NFL
Puzzle
Pokémon
The Office
Song
Country
Soccer
WWE
Your Account Isn't Verified!
In order to create a playlist on Sporcle, you need to verify the email address you used during registration. Go to your
Sporcle Settings
to finish the process.
Report this User
Report this user for behavior that violates our
Community Guidelines
.
Details:
Send Report
Go to the Sporcle.com Mobile Site →
Comments